000 00315nam a2200121Ia 4500
008 240731s9999 xx 000 0 und d
022 _a1532-7655
245 0 _aJournal of Community Health Nursing
260 _bTaylor & Francis
856 _uhttps://www.tandfonline.com/loi/hchn20
942 _2ddc
942 _cTFEJ
999 _c77558
_d77558
945 _a1
_bMadushi Gamage
_c1
_dMadushi Gamage